[Event "7. Bayerische Meisterschaft 2003"]
[Site "Bad Wiessee"]
[Date "2003.11.11"]
[Round "4"]
[White "Luther, Thomas"]
[Black "Skembris, Spyridon"]
[Result "1/2-1/2"]
[WhiteElo "2580"]
[BlackElo "2439"]
[PlyCount "57"]
[EventDate "2003.11.08"]

1. e4 e5 2. Nf3 Nc6 3. Bb5 a6 4. Ba4 Nf6 5. O-O Be7 6. Re1 b5 7. Bb3 d6 8. c3
O-O 9. h3 Na5 10. Bc2 c5 11. d4 Nd7 12. Kh1 Bb7 13. d5 f5 14. exf5 Nc4 15. Nbd2
Nxd2 16. Qxd2 Nf6 17. Ng5 Bxd5 18. f4 Qc7 19. Qe2 Rae8 20. fxe5 dxe5 21. b3 c4
22. bxc4 Bxc4 23. Bb3 e4 24. Bxc4+ Qxc4 25. Qxc4+ bxc4 26. Ne6 Rf7 27. Ng5 Rff8
28. Ne6 Rf7 29. Ng5 1/2-1/2

[Event "7. Bayerische Meisterschaft 2003"]
[Site "Bad Wiessee"]
[Date "2003.11.11"]
[Round "4"]
[White "Gasthofer, Alexander"]
[Black "Atalik, Suat"]
[Result "0-1"]
[WhiteElo "2427"]
[BlackElo "2570"]
[PlyCount "84"]
[EventDate "2003.11.08"]

1. Nf3 c5 2. g3 Nc6 3. d4 cxd4 4. Nxd4 g6 5. Bg2 Bg7 6. Nxc6 bxc6 7. c4 Qa5+ 8.
Nd2 Rb8 9. Qc2 c5 10. O-O d6 11. Bc6+ Kf8 12. Bg2 Nf6 13. b3 h5 14. h4 Bh6 15.
Ne4 Bxc1 16. Qxc1 Nxe4 17. Bxe4 Rh7 18. Rd1 Bg4 19. Qc2 Qc7 20. Rd3 Rg7 21. Qd2
Kg8 22. Rd5 a5 23. Qe3 a4 24. Bc2 Qd7 25. f3 Be6 26. Rdd1 Bf5 27. Bxf5 gxf5 28.
Kf2 Qe6 29. Qf4 Qf6 30. Rab1 Rb4 31. e4 Qc3 32. exf5 Qc2+ 33. Ke3 Qxa2 34. Qe4
Rxg3 35. Qxe7 Rxb3+ 36. Rxb3 Qxb3+ 37. Rd3 Rxf3+ 38. Kxf3 Qxd3+ 39. Kf4 Qxc4+
40. Ke3 Qd4+ 41. Kf3 Qd5+ 42. Kf2 Qxf5+ 0-1

[Event "7. Bayerische Meisterschaft 2003"]
[Site "Bad Wiessee"]
[Date "2003.11.11"]
[Round "4"]
[White "Papa, Severin"]
[Black "Gavrikov, Viktor"]
[Result "0-1"]
[WhiteElo "2401"]
[BlackElo "2560"]
[PlyCount "76"]
[EventDate "2003.11.08"]

1. e4 c5 2. Nf3 d6 3. Bc4 Nf6 4. d3 g6 5. O-O Bg7 6. c3 O-O 7. Bb3 Nc6 8. Re1
e5 9. Nbd2 h6 10. Nf1 b5 11. Ne3 Na5 12. Bc2 Bb7 13. b4 cxb4 14. cxb4 Nc6 15.
a3 d5 16. Bb2 d4 17. Nf1 Nd7 18. Bc1 Nb6 19. Bd2 Qd6 20. Bb3 Kh7 21. h4 Bc8 22.
Ng3 Be6 23. h5 Rac8 24. Rc1 a6 25. Bxe6 Qxe6 26. Re2 Rc7 27. Be1 Rfc8 28. Rec2
Na4 29. Nh2 Qd6 30. Bd2 a5 31. Ng4 axb4 32. axb4 Qe6 33. Qf3 Nc3 34. Rb2 Ne7
35. Kh2 Na4 36. Rbb1 Rc2 {Diagramm #} 37. Qd1 Rxd2 38. Qxd2 Qxg4 0-1

[Event "7. Bayerische Meisterschaft 2003"]
[Site "Bad Wiessee"]
[Date "2003.11.11"]
[Round "4"]
[White "Golod, Vitali"]
[Black "Wiersma, Eelke"]
[Result "1-0"]
[WhiteElo "2544"]
[BlackElo "2402"]
[PlyCount "137"]
[EventDate "2003.11.08"]

1. d4 d5 2. c4 e6 3. Nf3 c5 4. cxd5 exd5 5. g3 Nc6 6. Bg2 Nf6 7. Nc3 Be7 8. O-O
O-O 9. Bg5 cxd4 10. Nxd4 h6 11. Bf4 Bg4 12. h3 Bd7 13. Nxd5 Nxd5 14. Bxd5 Bxh3
15. Nxc6 bxc6 16. Bg2 Bxg2 17. Kxg2 Bf6 18. Qc2 Qd4 {Diagramm #} 19. Rfd1 Qxb2
20. Qxb2 Bxb2 21. Rab1 Bf6 22. Rb7 c5 23. Rdd7 Rfe8 24. Rxf7 Rxe2 {Diagramm #}
25. Bxh6 Rf8 26. Rxf8+ Kxf8 27. Be3 Bd4 28. Bxd4 cxd4 29. Rxa7 d3 30. a3 Re1
31. Rd7 Rd1 32. Kf3 d2 33. Kg4 Ke8 34. Rd3 Ra1 35. Rxd2 Rxa3 36. Kg5 Kf7 37.
Rd7+ Kg8 38. Rd5 Kh7 39. g4 Ra6 40. f4 Rb6 41. f5 Ra6 42. Rd8 Rb6 43. Re8 Ra6
44. Kh4 Ra5 45. Re7 Kg8 46. Kh5 Kf8 47. Rb7 Kg8 48. Rd7 Kh7 49. Re7 Rb5 50. Kh4
Kg8 51. Kg5 Rb4 52. Kh5 Kf8 53. Ra7 Rb5 {Diagramm #} 54. g5 Rb6 55. Ra8+ Kf7
56. g6+ Kf6 57. Rf8+ Ke5 58. f6 Rxf6 59. Rf7 Ke6 60. Rxg7 Rf1 61. Ra7 Rh1+ 62.
Kg5 Rh2 63. g7 Rg2+ 64. Kh6 Rh2+ 65. Kg6 Rg2+ 66. Kh7 Rh2+ 67. Kg8 Rf2 68. Ra6+
Ke7 69. Kh7 1-0

[Event "7. Bayerische Meisterschaft 2003"]
[Site "Bad Wiessee"]
[Date "2003.11.11"]
[Round "4"]
[White "Potkin, Vladimir"]
[Black "Gawehns, Klaus"]
[Result "1/2-1/2"]
[WhiteElo "2534"]
[BlackElo "2391"]
[PlyCount "45"]
[EventDate "2003.11.08"]

1. e4 d6 2. d4 Nf6 3. Nc3 g6 4. Bg5 c6 5. Qd2 b5 6. Bd3 Nbd7 7. f4 Nb6 8. Nf3
Bg7 9. O-O O-O 10. Rae1 Bb7 11. e5 b4 12. Ne2 c5 13. exf6 exf6 14. Bh4 c4 {
Diagramm #} 15. Bf5 gxf5 16. Ng3 Nd5 17. Nxf5 Qd7 18. Ng3 f5 19. Nh5 Rae8 20.
Qf2 f6 21. Nxg7 Kxg7 22. Bg3 c3 23. b3 1/2-1/2

[Event "7. Bayerische Meisterschaft 2003"]
[Site "Bad Wiessee"]
[Date "2003.11.11"]
[Round "4"]
[White "Hertneck, Gerald"]
[Black "Zude, Arno"]
[Result "1-0"]
[WhiteElo "2524"]
[BlackElo "2382"]
[PlyCount "67"]
[EventDate "2003.11.08"]

1. d4 d5 2. c4 e6 3. Nc3 Nf6 4. Bg5 Be7 5. e3 O-O 6. Rc1 Nbd7 7. Nf3 a6 8. c5
c6 9. Be2 Re8 10. b4 a5 11. b5 e5 12. Na4 Ng4 13. Bxe7 Qxe7 14. Rb1 e4 15. Nd2
f5 16. g3 Rf8 17. h3 Nh6 18. h4 Ng4 19. Nb3 h5 20. Nc1 Ra7 21. Bf1 Ndf6 22. b6
Ra8 23. Ne2 {Diagramm #} 23... Nxf2 24. Kxf2 Ng4+ 25. Ke1 Nxe3 26. Qc1 Ng4 27.
Qg5 Qxg5 28. hxg5 f4 29. Nxf4 Ne3 30. Kd2 Nf5 31. Ne2 Be6 32. Nb2 e3+ 33. Kc3
Bf7 34. Nd3 1-0

[Event "7. Bayerische Meisterschaft 2003"]
[Site "Bad Wiessee"]
[Date "2003.11.11"]
[Round "4"]
[White "Doettling, Fabian"]
[Black "Seel, Christian"]
[Result "1-0"]
[WhiteElo "2519"]
[BlackElo "2315"]
[PlyCount "127"]
[EventDate "2003.11.08"]

1. Nf3 Nf6 2. c4 c5 3. d4 cxd4 4. Nxd4 Nc6 5. g3 Qa5+ 6. Nc3 Ne4 7. Ndb5 a6 8.
Nc7+ Qxc7 9. Nxe4 e6 10. Bg2 Ne5 11. b3 {Diagramm #} 11... d5 12. cxd5 exd5 13.
Qxd5 Be6 14. Qd2 Rd8 15. Qc3 Qxc3+ 16. Nxc3 Bb4 17. Bd2 Rd7 18. Ne4 Bxd2+ 19.
Nxd2 Ke7 20. Rc1 Rhd8 21. Ne4 f5 22. Nc5 Rc7 23. O-O Rdc8 {Diagramm #} 24. Bxb7
Rxc5 25. Bxc8 Rxc8 26. Rxc8 Bxc8 27. Rc1 Bd7 28. f3 g5 29. Kf2 Kd6 30. h3 Ng6
31. b4 h5 32. Rc5 h4 33. Ra5 Bc8 34. b5 axb5 35. Rxb5 hxg3+ 36. Kxg3 Nf4 37.
Rb2 Bd7 38. Rd2+ Ke7 39. e3 Nh5+ 40. Kf2 f4 {Diagramm #} 41. Rd5 Bxh3 42. Rxg5
fxe3+ 43. Kxe3 Nf6 44. a4 Kd7 45. a5 Kc7 46. Kd4 Kb7 47. Rb5+ Ka7 48. Rb6 Nd7
49. Rh6 Bf5 50. f4 Bg4 51. Kc4 Nb8 52. Rf6 Nd7 53. Rg6 Bh3 54. Kb5 Bf1+ 55. Kb4
Bh3 56. Rg3 Be6 57. Rg7 Kb7 58. Kb5 Kc7 59. a6 Kd6 60. Rg6 Nf8 61. Rf6 Ke7 62.
Rxe6+ Nxe6 63. a7 Kd7 64. Kb6 1-0

[Event "7. Bayerische Meisterschaft 2003"]
[Site "Bad Wiessee"]
[Date "2003.11.11"]
[Round "4"]
[White "Gasthofer, Viktor"]
[Black "Naumann, Alexander"]
[Result "0-1"]
[WhiteElo "2295"]
[BlackElo "2518"]
[PlyCount "76"]
[EventDate "2003.11.08"]

1. c4 e5 2. Nc3 Nf6 3. Nf3 Nc6 4. e3 Bb4 5. Qc2 Bxc3 6. Qxc3 Qe7 7. a3 d5 8.
cxd5 Nxd5 9. Qb3 Nb6 10. d3 Bf5 11. Be2 O-O-O 12. O-O e4 13. dxe4 Bxe4 14. Ne1
Bd5 15. Qc2 Be4 16. Qb3 Rhe8 17. Qc3 Na4 18. Qc4 Nb6 19. Qc3 f5 20. b3 Nd5 21.
Qb2 Nf6 22. f3 Bd5 23. Rf2 Na5 24. Bd1 Qe6 25. Rb1 Be4 26. Bc2 Bxc2 27. Qxc2
Nd5 28. Re2 Nc6 29. Rb2 Qf6 30. b4 a6 31. Rb3 Qf7 32. Nd3 f4 33. Qc4 fxe3 34.
Rxe3 Re7 35. Rxe7 Qxe7 36. Qe4 Qxe4 37. fxe4 Nd4 38. Rb2 Nc3 0-1

[Event "7. Bayerische Meisterschaft 2003"]
[Site "Bad Wiessee"]
[Date "2003.11.11"]
[Round "4"]
[White "Hellmayr, Alois"]
[Black "Galdunts, Sergey"]
[Result "0-1"]
[WhiteElo "2256"]
[BlackElo "2496"]
[PlyCount "90"]
[EventDate "2003.11.08"]

1. c4 f5 2. Nc3 Nf6 3. g3 g6 4. Bg2 Bg7 5. e3 O-O 6. Nge2 d6 7. O-O e5 8. d3 c6
9. Bd2 Na6 10. h3 Be6 11. b3 d5 12. cxd5 Nxd5 13. Rc1 Ne7 14. d4 f4 15. exf4
exd4 16. Ne4 Qd7 17. Kh2 Rad8 18. Re1 Bd5 19. Ng1 Nf5 20. h4 Rfe8 21. f3 Qc7
22. Bf1 Ne3 23. Qe2 Bxe4 24. fxe4 Rxe4 25. Bh3 Rde8 26. Qf3 Qe7 27. Kh1 Nb4 28.
Bf1 Nxf1 29. Rxf1 a6 30. a4 Nd5 31. h5 Ne3 32. Rf2 Qe6 33. Rh2 Qxb3 34. hxg6
hxg6 35. f5 Qd5 36. f6 Bxf6 37. Rc5 Qf7 38. g4 Nxg4 39. Rg2 Bg7 40. Qg3 R8e5
41. Rxe5 Bxe5 42. Qh4 Nf2+ 43. Qxf2 Qh7+ 44. Nh3 Qxh3+ 45. Kg1 Rg4 0-1

[Event "7. Bayerische Meisterschaft 2003"]
[Site "Bad Wiessee"]
[Date "2003.11.11"]
[Round "4"]
[White "Shaw, John"]
[Black "Rogobete, Nikolas"]
[Result "1-0"]
[WhiteElo "2465"]
[BlackElo "2117"]
[PlyCount "63"]
[EventDate "2003.11.08"]

1. e4 c5 2. Nf3 Nc6 3. Bb5 g6 4. O-O Bg7 5. c3 Nh6 6. d4 cxd4 7. cxd4 Qb6 8.
Nc3 a6 9. Be2 d6 10. h3 f5 11. d5 Ne5 12. Nxe5 dxe5 13. Be3 Qd8 14. Na4 O-O 15.
Nb6 Rb8 16. f3 Nf7 17. Qd2 Nd6 18. Bd3 Bd7 19. a4 Nc8 20. Qb4 Nd6 21. Rfc1 fxe4
22. fxe4 Bxh3 23. gxh3 Rf3 24. Re1 e6 25. Kg2 Qh4 26. Kxf3 Nf5 27. Bf2 Qxh3+
28. Ke2 Nd4+ 29. Bxd4 exd4 30. Kd2 Rf8 31. Re2 Rf3 32. Qc4 1-0

[Event "7. Bayerische Meisterschaft 2003"]
[Site "Bad Wiessee"]
[Date "2003.11.11"]
[Round "4"]
[White "Bischoff, Klaus"]
[Black "Van den Berkmortel, Theo"]
[Result "1-0"]
[WhiteElo "2564"]
[BlackElo "2274"]
[PlyCount "59"]
[EventDate "2003.11.08"]

1. c4 f5 2. b3 d6 3. Bb2 e5 4. d4 Nc6 5. dxe5 dxe5 6. Qxd8+ Kxd8 7. Nc3 Bc5 8.
e3 Nf6 9. a3 a5 10. Nf3 Re8 11. Be2 Bd7 12. O-O e4 13. Ng5 Kc8 14. Rfd1 h6 15.
Nh3 Bd6 16. Rxd6 cxd6 17. Nb5 Rd8 18. Nxd6+ Kc7 19. Nb5+ Kb8 20. Nf4 Re8 21.
Ng6 Rd8 22. Nf4 Re8 23. Nd6 Rd8 24. c5 Kc7 25. Rd1 Na7 26. Be5 Kc6 27. b4 axb4
28. axb4 b5 29. Ra1 Bc8 30. Nxb5 1-0

[Event "7. Bayerische Meisterschaft 2003"]
[Site "Bad Wiessee"]
[Date "2003.11.11"]
[Round "4"]
[White "Hobuss, Udo"]
[Black "Braun, Christian"]
[Result "1-0"]
[WhiteElo "2414"]
[BlackElo "2244"]
[PlyCount "99"]
[EventDate "2003.11.08"]

1. d4 Nf6 2. c4 e6 3. Nf3 b6 4. g3 Ba6 5. Qa4 Bb7 6. Bg2 c5 7. dxc5 Bxc5 8. O-O
O-O 9. Nc3 Be7 10. Rd1 a6 11. Bf4 d6 12. Rac1 Nh5 13. Be3 Nd7 14. Ne5 Bxg2 15.
Nxd7 b5 16. cxb5 Qxd7 17. Kxg2 axb5 18. Qxb5 Qxb5 19. Nxb5 Rxa2 20. Rc2 d5 21.
Na7 Nf6 22. Nc8 Re8 23. Nxe7+ Rxe7 24. Rc8+ Re8 25. Rdc1 Ra8 26. Rxa8 Rxa8 27.
Rc7 e5 28. Ba7 d4 29. b4 Nd5 30. Rb7 f6 31. b5 Nb4 32. f4 Rd8 33. fxe5 fxe5 34.
Rb8 Rxb8 35. Bxb8 e4 36. b6 Nc6 37. Bf4 Na5 38. Be5 d3 39. exd3 exd3 40. Bc3
Nb7 41. Kf3 d2 42. Bxd2 Kf7 43. Ke4 Ke6 44. Bb4 g6 45. Kd4 h5 46. h3 Nd8 47.
Kc5 Kd7 48. Kd5 Nc6 49. Bc5 g5 50. Ke4 1-0

[Event "7. Bayerische Meisterschaft 2003"]
[Site "Bad Wiessee"]
[Date "2003.11.11"]
[Round "4"]
[White "Hilmer, Frank"]
[Black "Stimpel, Franz"]
[Result "0-1"]
[WhiteElo "2223"]
[BlackElo "2373"]
[PlyCount "56"]
[EventDate "2003.11.08"]

1. c4 Nf6 2. g3 g6 3. Bg2 Bg7 4. Nc3 O-O 5. e4 d6 6. Nge2 e5 7. O-O Nbd7 8. d4
exd4 9. Nxd4 Nc5 10. h3 Re8 11. Re1 Bd7 12. Rb1 h6 13. b4 Ne6 14. Nxe6 Bxe6 15.
Qd3 Nd7 16. f4 Nb6 17. Nd5 Nxc4 18. Qxc4 c6 19. Qf1 cxd5 20. f5 Bd7 21. fxg6
fxg6 22. exd5 Qb6+ 23. Kh2 Bb5 24. Qg1 Rxe1 25. Qxe1 Re8 26. Qd1 Re2 27. Bf4 g5
28. a4 gxf4 0-1

[Event "7. Bayerische Meisterschaft 2003"]
[Site "Bad Wiessee"]
[Date "2003.11.11"]
[Round "4"]
[White "Ponater, Michael"]
[Black "Sarbok, Torsten"]
[Result "0-1"]
[WhiteElo "2219"]
[BlackElo "2352"]
[PlyCount "64"]
[EventDate "2003.11.08"]

1. e4 c5 2. Nf3 a6 3. Nc3 d6 4. d4 cxd4 5. Nxd4 Nf6 6. Qf3 Nbd7 7. h3 e6 8. g4
h6 9. Bg2 Qb6 10. Nb3 Qc7 11. Qg3 Rb8 12. f4 b5 13. a3 Bb7 14. Be3 Nc5 15. Nd2
Ba8 16. Bxc5 Qxc5 17. Nb3 Qc7 18. O-O-O Nd7 19. Rhe1 Be7 20. h4 Nb6 21. Nd4 Nc4
22. Rd3 Bf6 23. g5 hxg5 24. hxg5 Bxd4 25. Rxd4 Qc5 26. Qd3 Rh2 27. Rh1 Rxh1+
28. Bxh1 Ke7 29. Ne2 Rh8 30. Bf3 Rh3 31. c3 e5 32. b4 Qc7 0-1

[Event "7. Bayerische Meisterschaft 2003"]
[Site "Bad Wiessee"]
[Date "2003.11.11"]
[Round "4"]
[White "Klimpel, Thomas"]
[Black "Weglarz, Leszek"]
[Result "1/2-1/2"]
[WhiteElo "2116"]
[BlackElo "2344"]
[PlyCount "156"]
[EventDate "2003.11.08"]

1. e4 e5 2. d4 exd4 3. Qxd4 Nc6 4. Qe3 Nf6 5. Nc3 Be7 6. Bc4 O-O 7. Nf3 d6 8.
Bd2 Be6 9. Bb3 Bxb3 10. axb3 d5 11. exd5 Nxd5 12. Nxd5 Qxd5 13. O-O Bc5 14. Qf4
Bd6 15. Qg5 Qxg5 16. Bxg5 Rfe8 17. Rfe1 f6 18. Bd2 Kf7 19. Bc3 a6 20. Kf1 Rad8
21. h3 Bb4 22. Rxe8 Kxe8 23. Bxb4 Nxb4 24. Rc1 Kf7 25. g3 Rd6 26. c3 Nc6 27.
Ke2 Re6+ 28. Kd2 Na5 29. Nd4 Rd6 30. Kc2 Nc6 31. Nxc6 Rxc6 32. Re1 Re6 33. Rxe6
Kxe6 34. b4 Kd5 35. Kd3 c5 36. bxc5 Kxc5 37. f4 a5 38. g4 g5 39. f5 b5 40. b3
Kd5 41. c4+ bxc4+ 42. bxc4+ Kc5 43. Kc3 a4 44. h4 h6 45. h5 a3 46. Kb3 a2 47.
Kxa2 Kxc4 48. Ka3 Kd4 49. Kb4 Ke4 50. Kc4 Kf4 51. Kd5 Kxg4 52. Ke6 Kxh5 53.
Kxf6 g4 54. Ke6 g3 55. f6 g2 56. f7 g1=Q 57. f8=Q Qe3+ 58. Kd5 Kh4 59. Qf5 h5
60. Kc4 Qe2+ 61. Kc3 Kg3 62. Qg5+ Qg4 63. Qe5+ Kg2 64. Kd2 h4 65. Qd5+ Kh2 66.
Qe5+ Qg3 67. Qf5 h3 68. Ke2 Qg2+ 69. Qf2 Kh1 70. Ke1 Qe4+ 71. Kd2 Qd5+ 72. Ke2
Qc4+ 73. Ke1 Qc1+ 74. Ke2 Qc2+ 75. Ke1 Qe4+ 76. Kd2 Qg2 77. Ke1 Qxf2+ 78. Kxf2
h2 1/2-1/2

[Event "7. Bayerische Meisterschaft 2003"]
[Site "Bad Wiessee"]
[Date "2003.11.11"]
[Round "4"]
[White "Kwossek, Georg"]
[Black "Wiley, Tom E"]
[Result "0-1"]
[WhiteElo "2110"]
[BlackElo "2317"]
[PlyCount "44"]
[EventDate "2003.11.08"]

1. e4 Nf6 2. Nc3 d5 3. e5 Nfd7 4. d4 c5 5. e6 fxe6 6. Bd3 Nf6 7. Bf4 Bd7 8.
dxc5 Nc6 9. Nf3 g6 10. O-O Bg7 11. Re1 O-O 12. Qd2 Nh5 13. Bh6 Rxf3 14. gxf3
Qf8 15. Bxg7 Kxg7 16. Bf1 Qxf3 17. Bg2 Qg4 18. Qe2 Qh4 19. Rad1 Rf8 20. h3 Rf5
21. Ne4 dxe4 22. Rxd7 Rg5 0-1

[Event "7. Bayerische Meisterschaft 2003"]
[Site "Bad Wiessee"]
[Date "2003.11.11"]
[Round "4"]
[White "Lorscheid, Gerhard"]
[Black "Wegerer, Fred"]
[Result "1/2-1/2"]
[WhiteElo "2297"]
[BlackElo "2217"]
[PlyCount "69"]
[EventDate "2003.11.08"]

1. d4 Nf6 2. c4 e6 3. Nc3 d5 4. Bg5 Nbd7 5. cxd5 exd5 6. e3 Bb4 7. Bd3 c5 8.
Nge2 c4 9. Bc2 Qa5 10. O-O O-O 11. f3 b5 12. a4 Bxc3 13. axb5 Qxb5 14. Nxc3 Qb6
15. Qd2 h6 16. Bh4 Bb7 17. Rfb1 Qe6 18. b3 Nb6 19. Nb5 Ne8 20. Nxa7 Nd6 21. Bg3
cxb3 22. Bxd6 Nc4 23. Qd3 bxc2 24. Rxb7 Nxd6 25. Rc7 Nb5 26. Qxb5 Qxe3+ 27. Kf1
Rxa7 28. Raxa7 c1=Q+ 29. Rxc1 Qxc1+ 30. Kf2 Qd2+ 31. Kg3 Qxd4 32. Rd7 Qe5+ 33.
Kh3 Qe6+ 34. Kg3 Qe5+ 35. Kh3 1/2-1/2

[Event "7. Bayerische Meisterschaft 2003"]
[Site "Bad Wiessee"]
[Date "2003.11.11"]
[Round "4"]
[White "Eingorn, Vereslavs"]
[Black "Wunder, Stefan"]
[Result "1-0"]
[WhiteElo "2607"]
[BlackElo "2119"]
[PlyCount "67"]
[EventDate "2003.11.08"]

1. d4 Nf6 2. c4 g6 3. g3 Bg7 4. Bg2 d6 5. Nc3 O-O 6. h3 a6 7. Bg5 h6 8. Be3 Nc6
9. Rc1 Rb8 10. b3 Bd7 11. Qd2 Kh7 12. d5 Na5 13. c5 dxc5 14. Bxc5 b6 15. Be3
Nb7 16. Nf3 Nd6 17. Ne5 Nf5 18. Bf4 Nh5 19. h4 Nxf4 20. gxf4 f6 21. Nxd7 Qxd7
22. h5 Nd6 23. hxg6+ Kxg6 24. e4 Kh7 25. Bh3 Qd8 26. Be6 b5 27. Qd3 f5 28. e5
b4 29. Ne2 Nb5 30. Ng3 Rb6 31. Nxf5 Rxf5 32. Qxf5+ Kh8 33. Rd1 Nc3 34. Rd3 1-0

[Event "7. Bayerische Meisterschaft 2003"]
[Site "Bad Wiessee"]
[Date "2003.11.11"]
[Round "4"]
[White "Fridman, Daniel"]
[Black "Santl, Anton"]
[Result "1-0"]
[WhiteElo "2592"]
[BlackElo "2173"]
[PlyCount "67"]
[EventDate "2003.11.08"]

1. g3 Nf6 2. Bg2 g6 3. d4 Bg7 4. e4 d6 5. Nc3 O-O 6. Nge2 e5 7. h3 Nc6 8. Be3
a6 9. a4 Rb8 10. O-O Bd7 11. d5 Ne7 12. a5 Nh5 13. g4 Nf6 14. Ng3 Ne8 15. g5 c6
16. dxc6 bxc6 17. Na4 Be6 18. Qd2 c5 19. Qd3 Nc7 20. Nb6 Nc6 21. Bd2 Nd4 22.
Ne2 f6 23. Nxd4 cxd4 24. gxf6 Bxf6 25. f4 Bg7 26. f5 Bc8 27. Qc4+ Kh8 28. f6
Rxf6 29. Bg5 Bxh3 30. Bxf6 Bxf6 31. Bxh3 Bg5 32. Rf3 Be3+ 33. Kh1 d5 34. Qc5
1-0

[Event "7. Bayerische Meisterschaft 2003"]
[Site "Bad Wiessee"]
[Date "2003.11.11"]
[Round "4"]
[White "Jaenig, Reinhard"]
[Black "Rotstein, Arkadij"]
[Result "0-1"]
[WhiteElo "2172"]
[BlackElo "2533"]
[PlyCount "54"]
[EventDate "2003.11.08"]

1. e4 c5 2. Nf3 e6 3. d4 cxd4 4. Nxd4 a6 5. c4 Nf6 6. Nc3 Qc7 7. Be3 Bb4 8. f3
Bxc3+ 9. bxc3 d5 10. cxd5 exd5 11. Qa4+ Bd7 12. Qa3 dxe4 13. Be2 Nd5 14. c4
Nxe3 15. Qxe3 O-O 16. fxe4 Qa5+ 17. Kf2 Nc6 18. Nb3 Qc7 19. Rhd1 Rae8 20. Kg1
Re7 21. c5 Rfe8 22. Qd2 Be6 23. Qd6 Qc8 24. Bf3 Bxb3 25. axb3 Ne5 26. Rd5 Re6
27. Rxe5 Rxe5 0-1

[Event "7. Bayerische Meisterschaft 2003"]
[Site "Bad Wiessee"]
[Date "2003.11.12"]
[Round "5"]
[White "Schmaltz, Roland"]
[Black "Khenkin, Igor"]
[Result "1/2-1/2"]
[WhiteElo "2519"]
[BlackElo "2627"]
[PlyCount "57"]
[EventDate "2003.11.08"]

1. e4 c5 2. Nf3 d6 3. d4 cxd4 4. Nxd4 Nf6 5. Nc3 Nc6 6. Be2 g6 7. Nb3 Bg7 8.
O-O O-O 9. Re1 a6 10. Bf1 b5 11. Bg5 h6 12. Bh4 g5 13. Bg3 b4 14. Nd5 Nd7 15.
c3 bxc3 16. Nxc3 Nde5 17. Qd2 Kh7 18. Rac1 f5 19. exf5 Bxf5 20. Nd5 Rb8 21.
Bxa6 e6 22. Bxe5 Nxe5 23. Ne3 Ra8 24. Nxf5 exf5 25. Be2 Rxa2 26. Nd4 Qb6 27.
Ne6 Rf6 28. Rb1 Ra4 29. Nxg7 1/2-1/2

[Event "7. Bayerische Meisterschaft 2003"]
[Site "Bad Wiessee"]
[Date "2003.11.12"]
[Round "5"]
[White "Burmakin, Vladimir"]
[Black "Hobuss, Udo"]
[Result "1/2-1/2"]
[WhiteElo "2590"]
[BlackElo "2414"]
[PlyCount "109"]
[EventDate "2003.11.08"]

1. d4 Nf6 2. Nf3 e6 3. c4 d5 4. g3 dxc4 5. Qa4+ Bd7 6. Qxc4 Bc6 7. Bg2 Bd5 8.
Qa4+ Bc6 9. Qc2 Be4 10. Qa4+ Bc6 11. Qd1 Nbd7 12. O-O h6 13. Re1 Bb4 14. Bd2 a5
15. a3 Be7 16. Nc3 Ne4 17. Qc2 Nxd2 18. Qxd2 Bxf3 19. Bxf3 c6 20. Rad1 O-O 21.
Be4 Re8 22. Bb1 Qb6 23. Qc2 Nf8 24. Rd3 Rad8 25. Red1 Qa7 26. Ne4 Rd5 27. Ba2
Rdd8 28. h4 Rd7 29. Nc5 Rc7 30. Qc3 Rd8 31. Nb3 Ra8 32. Nc5 Rd8 33. Kg2 Bf6 34.
Ne4 Be7 35. Nc5 Bf6 36. Nb3 c5 37. Qxa5 Qxa5 38. Nxa5 cxd4 39. Rb3 Rd5 40. Rxb7
Rxb7 41. Nxb7 Rb5 42. Nd6 Rxb2 43. Bc4 Nd7 44. Ne4 Ne5 45. Nxf6+ gxf6 46. Rxd4
Nxc4 47. Rxc4 Rxe2 48. a4 Ra2 49. Rc8+ Kg7 50. Ra8 f5 51. a5 Kf6 52. a6 h5 53.
Kf3 Ra3+ 54. Ke2 f4 55. gxf4 1/2-1/2

[Event "7. Bayerische Meisterschaft 2003"]
[Site "Bad Wiessee"]
[Date "2003.11.12"]
[Round "5"]
[White "Stabolewski, Andreas"]
[Black "Zysk, Robert"]
[Result "0-1"]
[WhiteElo "2226"]
[BlackElo "2448"]
[PlyCount "62"]
[EventDate "2003.11.08"]

1. d4 Nf6 2. c4 e6 3. Nc3 Bb4 4. e3 c5 5. Nge2 cxd4 6. exd4 O-O 7. a3 Be7 8. d5
exd5 9. cxd5 d6 10. Ng3 Re8 11. Be2 a6 12. O-O Nbd7 13. a4 Bf8 14. f4 Qb6+ 15.
Kh1 Nc5 16. a5 Qb3 17. Qd2 Bg4 18. Bxg4 Nxg4 19. Rf3 Qc4 20. Qd1 Nd3 21. Ra4
Ngf2+ 22. Rxf2 Nxf2+ 23. Kg1 Qc5 24. Qd4 Nd3 25. Bd2 Nxb2 26. Nge4 Qxd4+ 27.
Rxd4 Rac8 28. Rb4 Nc4 29. Bc1 f5 30. Nd2 Re1+ 31. Kf2 Rxc1 0-1

[Event "7. Bayerische Meisterschaft 2003"]
[Site "Bad Wiessee"]
[Date "2003.11.12"]
[Round "5"]
[White "Bromberger, Stefan"]
[Black "Keller, Manfred"]
[Result "1-0"]
[WhiteElo "2448"]
[BlackElo "2237"]
[PlyCount "77"]
[EventDate "2003.11.08"]

1. d4 Nf6 2. c4 g6 3. Nc3 d5 4. Nf3 Bg7 5. Qb3 dxc4 6. Qxc4 O-O 7. e4 Nc6 8.
Be2 Nd7 9. Be3 Nb6 10. Qc5 f5 11. e5 f4 12. Bd2 Bg4 13. Ng5 Bxe2 14. Nxe2 Qd5
15. Qxd5+ Nxd5 16. Rc1 Nd8 17. Nc3 c6 18. Nxd5 cxd5 19. Rc7 h6 20. Nf3 g5 21.
Rxe7 Nc6 22. Rxb7 g4 23. Nh4 Nxd4 24. Ng6 Rfe8 25. Bxf4 Re6 26. Ne7+ Kf8 27.
Nxd5 Rc8 28. Nc3 Bxe5 29. Bxe5 Rxe5+ 30. Kd2 Rd8 31. Rd1 Rf5 32. Ke3 Nc2+ 33.
Ke4 Rxd1 34. Nxd1 Rh5 35. Ne3 Nxe3 36. Kxe3 Rxh2 37. g3 a5 38. Rb5 a4 39. Ra5
1-0

[Event "7. Bayerische Meisterschaft 2003"]
[Site "Bad Wiessee"]
[Date "2003.11.12"]
[Round "5"]
[White "Riedel, Holger"]
[Black "Meins, Gerlef"]
[Result "0-1"]
[WhiteElo "2236"]
[BlackElo "2426"]
[PlyCount "72"]
[EventDate "2003.11.08"]

1. g3 d5 2. f4 Nf6 3. Nf3 g6 4. Bg2 Bg7 5. O-O O-O 6. d3 Nbd7 7. Qe1 Re8 8. e4
dxe4 9. dxe4 e5 10. f5 Nc5 11. fxg6 fxg6 12. Nc3 c6 13. Bg5 Ne6 14. Rd1 Qe7 15.
Be3 Ng4 16. Bc1 Nd4 17. Nxd4 exd4 18. Ne2 Qc5 19. Kh1 Ne3 20. Bxe3 dxe3 21. c3
Bg4 22. h3 Be6 23. b4 Qe5 24. Rd3 Bh6 25. Nf4 Bc4 26. Rxe3 Bxf1 27. Bxf1 Bxf4
28. gxf4 Qxf4 29. e5 Rad8 30. e6 Rd1 31. Qxd1 Qxe3 32. Qg4 b5 33. a4 Qxe6 34.
Qxe6+ Rxe6 35. axb5 cxb5 36. Bxb5 Re3 0-1

[Event "7. Bayerische Meisterschaft 2003"]
[Site "Bad Wiessee"]
[Date "2003.11.12"]
[Round "5"]
[White "Pirrot, Dieter"]
[Black "Albrecht, Rainer"]
[Result "1/2-1/2"]
[WhiteElo "2422"]
[BlackElo "2231"]
[PlyCount "32"]
[EventDate "2003.11.08"]

1. e4 e6 2. d4 d5 3. e5 c5 4. c3 Nc6 5. Nf3 Qb6 6. a3 Nh6 7. b4 cxd4 8. cxd4
Nf5 9. Bb2 Be7 10. Bd3 a5 11. b5 a4 12. Bxf5 exf5 13. Nc3 Be6 14. O-O Na5 15.
Qxa4 O-O 16. Nd2 Rfc8 1/2-1/2

[Event "7. Bayerische Meisterschaft 2003"]
[Site "Bad Wiessee"]
[Date "2003.11.12"]
[Round "5"]
[White "Zude, Arno"]
[Black "De Francesco, Klaus"]
[Result "1-0"]
[WhiteElo "2382"]
[BlackElo "2214"]
[PlyCount "39"]
[EventDate "2003.11.08"]

1. d4 d5 2. c4 e6 3. Nc3 c6 4. e4 dxe4 5. Nxe4 Bb4+ 6. Bd2 Qxd4 7. Bxb4 Qxe4+
8. Ne2 Nd7 9. Qd6 c5 10. Bc3 Ngf6 11. O-O-O Qc6 12. Qxc6 bxc6 13. f3 h5 14. h4
Rh6 15. Nf4 Ke7 16. Bd3 Ne8 17. Bc2 Ba6 18. b3 Rd8 19. Nd3 f6 20. Nxc5 1-0

[Event "7. Bayerische Meisterschaft 2003"]
[Site "Bad Wiessee"]
[Date "2003.11.12"]
[Round "5"]
[White "Markl, Martin"]
[Black "Kostic, Vladimir"]
[Result "0-1"]
[WhiteElo "2222"]
[BlackElo "2373"]
[PlyCount "74"]
[EventDate "2003.11.08"]

1. d4 Nf6 2. c4 e6 3. Nf3 Bb4+ 4. Nbd2 O-O 5. e3 b6 6. Bd3 Bb7 7. O-O Re8 8.
Qc2 Nc6 9. a3 Bf8 10. b4 d6 11. Bb2 g6 12. Rfd1 Bg7 13. Rab1 a6 14. Ne4 Nb8 15.
Nxf6+ Bxf6 16. Be4 d5 17. cxd5 exd5 18. Bd3 Nd7 19. Rdc1 c6 20. Nd2 Be7 21. Nb3
Bd6 22. e4 dxe4 23. Bf1 Nf6 24. Re1 Bxh2+ 25. Kxh2 Ng4+ 26. Kg3 Qg5 27. f4 exf3
28. Qd2 fxg2 29. Bxg2 Ne3+ 30. Kh2 Qh4+ 31. Kg1 Nxg2 32. Kxg2 Re4 33. Rxe4
Qxe4+ 34. Kh2 Qxb1 35. d5 Re8 36. Nc1 Qf5 37. Qd4 f6 0-1